Statistická termodynamika

Enregistré dans:
Détails bibliographiques
Auteur principal: Boublík, Tomáš (Auteur)
Format: Livre
Langue:tchèque
Publié: Praha : Academia, 1996
Tags: Ajouter un tag
Pas de tags, Soyez le premier à ajouter un tag!

MARC

LEADER 00000nam a22000003a 4500
001 stu61569
005 20150617225650.5
008 011031s1996----xr------------------cze-d
020 |a 80-200-0566-8 
040 |a STU  |b slo 
041 0 |a cze 
044 |a xr 
080 |a 536.7  |7 A000000260 
100 1 |a Boublík, Tomáš  |4 aut 
245 1 |a Statistická termodynamika 
260 |a Praha :  |b Academia,  |c 1996 
300 |a 199 s.Tab.,grafy,lit.,index 
996 |b C96716  |c C*96716  |l CCXIII  |s P  |a 0  |w stu61569_0001